Teachers as mentors : a practical guide

Αποθηκεύτηκε σε:
Λεπτομέρειες βιβλιογραφικής εγγραφής
Άλλοι συγγραφείς: Field, Barbara (Επιμελητής έκδοσης), Field, Terry (Επιμελητής έκδοσης)
Μορφή: Βιβλίο
Γλώσσα:English
Δημοσίευση: London : The Falmer Press, 1994
Θέματα:
Ετικέτες: Προσθήκη ετικέτας
Δεν υπάρχουν, Καταχωρήστε ετικέτα πρώτοι!

MARC

LEADER 00000nam a2200000 i 4500
001 1/95452
008 991207s1994 eng d
020 |a 0-7507-0317-2 
035 |l 10055326 
040 |a GR-MY-UA  |b gre  |e aacr 
041 0 |a eng 
082 0 |a 370.7330941 
245 1 0 |a Teachers as mentors :  |b a practical guide /  |c edited by Barbara and Terry Field 
260 |a London :   |b The Falmer Press,   |c 1994 
300 |a 171 p. 
650 0 0 |a Mentoring in education  |z Great Britain. 
650 0 0 |a Student teaching  |z Great Britain. 
650 0 0 |a Teachers  |x In-service training  |z Great Britain. 
700 1 |a Field, Barbara.  |4 edt 
700 1 |a Field, Terry.  |4 edt 
852 |a INST  |b RHODES  |e 19991207  |h 370.7330941 TEA  |p 005400012057  |q 005400012057  |t BK  |y 0 
901 |a BIBL4-1999-3 
909 |a Ρ  |b 068218 
922 |a 4ΕΛΗ  |b 199908  |c ΚΠΣ/154  |d GLORY BOOKS 
970 |a ΚΟΥΛΑΚΙΟΤΗ  |b ΛΙΤΣΑ  |z 1999/12/07